00630nam a2200217 a 450000100060000000300080000600500170001400800410003103500190007204000270009104100080011808200240012610000310015024500360018126000310021730000250024865100200027365100400029365100250033383000540035855775BD-RjUL20211209080319.0880808s1939 enk 000 1 eng  a(BD-RjUL)55899 aDLCcDLCdBD-RjULbeng aeng 223a823.8bHAW 19391 aHardy, Thomas,d1840-1928.14aThe woodlanders /cThomas Hardy aLondon :bMacmillan,c1939 avii, 459 p. ;c23 cm aEnglandxDorset xTriangles (Interpersonal relations) xForests and forestry 0aNew Wessex edition of the stories of Thomas Hardy